Films de Sofia Coppola par images - Statistiques

Statistiques générales
  • Ce quiz a été pris 529 fois
  • Le résultat moyen est 4 sur 8
Statistiques - réponses
Par images Réponse % Correct
Marie-Antoinette
86%
Virgin Suicides
81%
Lost in Translation
76%
Priscilla
66%
The Bling Ring
44%
Les Proies
22%
Somewhere
19%
On the Rocks
12%
Aucun quiz correspondant
Distribution des résultats
% des personnes avec chaque résultat
Percentile par nombre de réponses
Votre historique - résultats
Vous n’avez pas pris ce quiz